TV Characters Sorting Blitz III - Women Quiz Stats

 Plays Quiz not verified by Sporcle

Challenge
Share
Tweet
Embed
Score 0/28 Timer 05:00
0 Plays Today
% Correct
Carrie
83.9%
Samantha
80%
Miranda
78.7%
Aria
77.1%
Blair Waldorf
76.1%
Emily
73.2%
Charlotte
72.6%
Piper
71.4%
Serena
70.6%
Spencer
70.6%
Hanna
69.9%
Blanche
69.3%
Dorothy
67.8%
Rose
63.8%
% Correct
Taystee
62.7%
Bree
62%
Gabrielle
61.7%
Susan
60.6%
Lynette
58.6%
Red
57.3%
Vanessa
55.6%
Sophia
55.2%
Tootie
52.3%
Alex
51.2%
Jo
50.5%
Lily
49.7%
Natalie
49.1%
Blair Warner
46.2%

You're not logged in!

Compare scores with friends on all Sporcle quizzes.
Join for Free
OR
Log In

You Might Also Like...

Show Comments

Extras

Top Quizzes Today


Score Distribution

Your Account Isn't Verified!

In order to create a playlist on Sporcle, you need to verify the email address you used during registration. Go to your Sporcle Settings to finish the process.

Report this User

Report this user for behavior that violates our Community Guidelines.

Details: